<?xml version="1.0" encoding="UTF-8"?>
<collection xmlns="http://www.loc.gov/MARC21/slim">
 <record>
  <leader>00972pamaa2200253   4500</leader>
  <controlfield tag="001">0000047459</controlfield>
  <controlfield tag="005">20130815090000.0</controlfield>
  <controlfield tag="008">100708                             eng  </controlfield>
  <datafield tag="020" ind1="0" ind2="0">
   <subfield code="a">9780939616671 </subfield>
  </datafield>
  <datafield tag="090" ind1="0" ind2="0">
   <subfield code="a">RS131.64 </subfield>
   <subfield code="b">CHI 2009</subfield>
  </datafield>
  <datafield tag="100" ind1="1" ind2="0">
   <subfield code="a">Scheid </subfield>
  </datafield>
  <datafield tag="245" ind1="1" ind2="0">
   <subfield code="a">Chinese herbal medicine : </subfield>
   <subfield code="b">formulas &amp; strategies  </subfield>
   <subfield code="c">Volker Scheid ... [et al.].</subfield>
  </datafield>
  <datafield tag="250" ind1="0" ind2="0">
   <subfield code="a">2nd ed.</subfield>
  </datafield>
  <datafield tag="260" ind1="0" ind2="0">
   <subfield code="a">Seattle, WA: </subfield>
   <subfield code="b">Eastland Press, </subfield>
   <subfield code="c">2009.</subfield>
  </datafield>
  <datafield tag="300" ind1=" " ind2=" ">
   <subfield code="a">lii, 1019 p.: </subfield>
   <subfield code="b">ill.; </subfield>
   <subfield code="c">29 cm.</subfield>
  </datafield>
  <datafield tag="500" ind1="0" ind2="0">
   <subfield code="a">Rev. ed. of: Chinese herbal medicine / compiled and translated by Dan Bensky and Randall.  Barolet. 1990</subfield>
  </datafield>
  <datafield tag="501" ind1="0" ind2="0">
   <subfield code="a">FMHS</subfield>
  </datafield>
  <datafield tag="504" ind1="0" ind2="0">
   <subfield code="a">Includes bibliographical references (p. 979-997) and index</subfield>
  </datafield>
  <datafield tag="650" ind1="0" ind2="0">
   <subfield code="a">Medicine, Chinese -- </subfield>
   <subfield code="x">Formulae, receipts, prescriptions </subfield>
  </datafield>
  <datafield tag="650" ind1="0" ind2="0">
   <subfield code="a">Herbs -- </subfield>
   <subfield code="x">Therapeutic use -- </subfield>
   <subfield code="z">China </subfield>
  </datafield>
  <datafield tag="650" ind1="0" ind2="0">
   <subfield code="a">Medicinal plants -- </subfield>
   <subfield code="z">China </subfield>
  </datafield>
  <datafield tag="650" ind1="0" ind2="0">
   <subfield code="a">Botany, Medical -- </subfield>
   <subfield code="z">China </subfield>
  </datafield>
  <datafield tag="650" ind1="0" ind2="0">
   <subfield code="a">Materia medica, Vegetable -- </subfield>
   <subfield code="z">China </subfield>
  </datafield>
  <datafield tag="901" ind1=" " ind2=" ">
   <subfield code="u">www.eastlandpress.com</subfield>
  </datafield>
 </record>
</collection>
